| 000 -LEADER |
| fixed length control field |
01547cam a2200433 a 4500 |
| 001 - CONTROL NUMBER |
| control field |
9390211 |
| 003 - CONTROL NUMBER IDENTIFIER |
| control field |
OSt |
| 005 - DATE AND TIME OF LATEST TRANSACTION |
| control field |
20210920162855.0 |
| 006 - FIXED-LENGTH DATA ELEMENTS--ADDITIONAL MATERIAL CHARACTERISTICS |
| fixed length control field |
m d |
| 007 - PHYSICAL DESCRIPTION FIXED FIELD--GENERAL INFORMATION |
| fixed length control field |
cr n |
| 008 - FIXED-LENGTH DATA ELEMENTS--GENERAL INFORMATION |
| fixed length control field |
101130s2011 gw ad sb 001 0 eng d |
| 020 ## - INTERNATIONAL STANDARD BOOK NUMBER |
| Canceled/invalid ISBN |
9787040315349 |
| 020 ## - INTERNATIONAL STANDARD BOOK NUMBER |
| Canceled/invalid ISBN |
9783642181009 |
| 035 ## - SYSTEM CONTROL NUMBER |
| System control number |
(WaSeSS)ssj0000609763 |
| 038 ## - RECORD CONTENT LICENSOR |
| Staff Name |
khadija |
| 040 ## - CATALOGING SOURCE |
| Original cataloging agency |
CaPaEBR |
| Transcribing agency |
CaPaEBR |
| Modifying agency |
WaSeSS |
| 050 #4 - LIBRARY OF CONGRESS CALL NUMBER |
| Classification number |
QA402 |
| Item number |
.P48 2011eb |
| 050 #4 - LIBRARY OF CONGRESS CALL NUMBER |
| Classification number |
QC20.7.N6 |
| 082 ## - DEWEY DECIMAL CLASSIFICATION NUMBER |
| Classification number |
519.2 |
| Author Mark |
PET |
| 100 1# - MAIN ENTRY--PERSONAL NAME |
| Personal name |
Petráš, Ivo. |
| 9 (RLIN) |
82537 |
| 210 10 - ABBREVIATED TITLE |
| Abbreviated title |
Fractional-order nonlinear systems |
| 245 10 - TITLE STATEMENT |
| Title |
Fractional-order nonlinear systems |
| Remainder of title |
modeling, analysis and simulation / |
| Statement of responsibility, etc. |
Ivo Petráš. |
| 260 ## - PUBLICATION, DISTRIBUTION, ETC. |
| Place of publication, distribution, etc. |
Berlin : |
| Name of publisher, distributor, etc. |
Springer, |
| Date of publication, distribution, etc. |
2011. |
| 490 1# - SERIES STATEMENT |
| Series statement |
Nonlinear physical science, |
| International Standard Serial Number |
1867-8440 |
| 500 ## - GENERAL NOTE |
| General note |
"With 119 figures." |
| 504 ## - BIBLIOGRAPHY, ETC. NOTE |
| Bibliography, etc. note |
Includes bibliographical references and index. |
| 506 ## - RESTRICTIONS ON ACCESS NOTE |
| Terms governing access |
License restrictions may limit access. |
| 563 ## - BINDING INFORMATION |
| Binding note |
hardcover |
| 650 #0 - SUBJECT ADDED ENTRY--TOPICAL TERM |
| Topical term or geographic name entry element |
Chaotic behavior in systems |
| General subdivision |
Simulation methods. |
| 9 (RLIN) |
82538 |
| 650 #0 - SUBJECT ADDED ENTRY--TOPICAL TERM |
| Topical term or geographic name entry element |
Nonlinear systems |
| General subdivision |
Simulation methods. |
| 9 (RLIN) |
82539 |
| 650 #0 - SUBJECT ADDED ENTRY--TOPICAL TERM |
| Topical term or geographic name entry element |
Fractional calculus. |
| 9 (RLIN) |
82540 |
| 655 #7 - INDEX TERM--GENRE/FORM |
| Genre/form data or focus term |
Electronic books. |
| Source of term |
local |
| 9 (RLIN) |
621 |
| 710 2# - ADDED ENTRY--CORPORATE NAME |
| Corporate name or jurisdiction name as entry element |
ebrary, Inc. |
| 9 (RLIN) |
622 |
| 773 #0 - HOST ITEM ENTRY |
| Title |
SpringerLink ebooks - Physics and Astronomy (2011) |
| 830 #0 - SERIES ADDED ENTRY--UNIFORM TITLE |
| Uniform title |
Nonlinear physical science. |
| 9 (RLIN) |
82541 |
| 856 40 - ELECTRONIC LOCATION AND ACCESS |
| Uniform Resource Identifier |
<a href="http://www.columbia.edu/cgi-bin/cul/resolve?clio9390211">http://www.columbia.edu/cgi-bin/cul/resolve?clio9390211</a> |
| Public note |
Full text available from SpringerLink ebooks - Physics and Astronomy (2011) |
| 910 ## - USER-OPTION DATA (OCLC) |
| User-option data |
Vendor-generated brief record |
| 942 ## - ADDED ENTRY ELEMENTS (KOHA) |
| Source of classification or shelving scheme |
|
| Koha item type |
Book |